LIBRARY & INFORMATION CENTRE, KCAET, TAVANUR

ONLINE PUBLIC ACCESS CATALOGUE (OPAC)

IC Engines: Combustion and Emissions (Record no. 13605)

MARC details
000 -LEADER
fixed length control field 00338cam a2200133ua 4500
020 ## - INTERNATIONAL STANDARD BOOK NUMBER
ISBN 9788184870879
082 ## - DEWEY DECIMAL CLASSIFICATION NUMBER
Classification number 621.43
Item number PUN / IC
100 ## - MAIN ENTRY--AUTHOR NAME
Personal name Pundir B.P.
245 ## - TITLE STATEMENT
Title IC Engines: Combustion and Emissions
250 ## - EDITION STATEMENT
Edition statement 1st
260 ## - PUBLICATION, DISTRIBUTION, ETC. (IMPRINT)
Place of publication New Delhi
Name of publisher Narosa Publishing House
Year of publication 2010
300 ## - PHYSICAL DESCRIPTION
Number of Pages 504
Other physical details 240figs;75tbls.
942 ## - ADDED ENTRY ELEMENTS (KOHA)
Koha item type Books
Holdings
Withdrawn status Lost status Damaged status Collection code Home library Current library Shelving location Date acquired Source of acquisition Cost, normal purchase price Full call number Accession Number Koha item type
        KAUAET KAUAET Scheme 31/08/2016 Penta Books Distributors, Calicut. 450.00 621.43 PUN / IC BB 158 Book Bank scheme for SC students
        KAUAET KAUAET Scheme 31/08/2016 Penta Books Distributors, Calicut. 450.00 621.43 PUN / IC BB 159 Book Bank scheme for SC students
free website counter